Sociálnoprávna ochrana maloletých bez sprievodu metódy sociálnej práce so žiadateľmi o azyl, azylantmi, maloletými bez sprievodu

Bibliographic Details
Main Author: Antolová, Vladimíra (Author)
Format: Book
Language:Slovak
PhysicalDescription:134 s., 2 tab. na príl. tab. 21 cm
Published: Ružomberok Verbum 2011
ISBN:9788080846725
Subjects:

MARC

LEADER 00000cam a2200000 a 4500
001 vtls010277901
003 SK-MaSNL
005 20260425223126.0
008 240318s2011 xo l 000 0 slo
015 |a SNBA2011/09-05229 
020 |a 9788080846725  |q (brož.) 
035 |a 6F701261-57EB-486D-A24B-3A5AC6682304 
035 |a urn:nbn:sk:snk-amjhts 
035 |a urn:nbn:sk:snk-am001yjf 
040 |a SNK  |b slo  |c SNK  |e AACR2 
041 0 |a slo 
043 |a e-xo--- 
044 |a xo  |c SK 
072 7 |a 364  |x Sociálne problémy vyžadujúce podporu a pomoc. Sociálne zabezpečenie  |2 konspekt 
080 |a 314.15  |2 2001 
080 |a 349.3-053.2  |2 2001 
080 |a (437.6)  |2 2001 
080 |a (048.8)  |2 2001 
080 |a 314.15:323.1  |2 2001 
080 |a 364-56  |2 2001 
080 |a 314.151.3-054.73  |2 2001 
080 |a 364.78  |2 2001 
100 1 |a Antolová, Vladimíra  |4 aut  |9 327767 
245 1 0 |a Sociálnoprávna ochrana maloletých bez sprievodu  |b metódy sociálnej práce so žiadateľmi o azyl, azylantmi, maloletými bez sprievodu  |c Vladimíra Antolová 
260 |a Ružomberok  |b Verbum  |c 2011 
300 |a 134 s., 2 tab. na príl.  |b tab.  |c 21 cm 
500 |a Vydalo vydavateľstvo Katolíckej univerzity v Ružomberku - Verbum 
504 |a Bibliogr. s. 125-134. Bibliogr. odkazy 
650 0 7 |a migrácia obyvateľstva  |2 SNKPH  |9 3839 
650 0 7 |a azylové domy  |2 SNKPH  |9 2399 
650 0 7 |a utečenci  |2 SNKPH  |9 993 
650 0 7 |a sociálnoprávna ochrana detí  |2 SNKPH  |9 88186 
650 0 7 |a sociálna práca  |2 SNKPH  |9 1550 
650 0 7 |a Migration  |2 SNKPHeng  |9 302497 
650 0 7 |a Sanctuary houses  |2 SNKPHeng  |9 327768 
650 0 7 |a Social-law children protection  |2 SNKPHeng  |9 275562 
650 0 7 |a migračná politika  |2 SNKPH  |9 3787 
650 0 7 |a Migration policy  |2 SNKPHeng  |9 268554 
650 0 7 |a Refugees  |2 SNKPHeng  |9 313782 
650 0 7 |a Social work  |2 SNKPHeng  |9 268197 
650 0 7 |a maloletý bez sprievodcu  |2 SNKPH  |9 327769 
651 7 |a Slovensko  |2 SNKPH  |9 14231 
651 7 |a Slovakia  |2 SNKPHeng  |9 92630 
655 7 |a monografie  |2 SNKPH  |9 70139 
655 7 |a Monographs  |2 SNKPHeng  |9 120675 
852 |a Štátna vedecká knižnica v Banskej Bystrici 
919 |a 978-80-8084-672-5 
958 |a NB 
958 |a OND 
968 |d 30/31 
999 |c 577246  |d 579176 
952 |a SNK  |b SNK  |y PREZ  |7 0  |p 17A0703963  |o snkSC 145581  |i snk2011/13155  |8 0  |0 0  |1 0  |4 0  |d 2011-06-08  |l 0  |r 2025-07-15 00:00:00  |w 2026-02-23 
952 |a SNK  |b SNK  |y VYP  |7 0  |p 17A0703962  |o snkSC 145581 D1  |i snk2011/13156  |8 0  |0 0  |1 0  |4 0  |d 2011-06-08  |f 1  |l 0  |r 2026-02-23 14:37:43  |w 2026-02-23